Southville International School and Colleges
Your cart is empty.
  • Cart
  • Lists
    Public lists list_1 View all
    Your lists Log in to create your own lists
  • Log in to your account
  • Your cookies
  • Search history
Southville International School and Colleges
  • Advanced search
  • Recent comments
  • Most popular
  • Libraries

Log in to your account

Log in with GOOGLE


If you do not have an external account, but do have a local account, you can still log in:

  1. Home
  2. MARC view: Parade 6.
Normal view MARC view ISBD view

Parade 6. (Record no. 104006)

[ view plain ]
MARC details
000 -LEADER
fixed length control field 00468nam a2200181 a 4500
005 - DATE AND TIME OF LATEST TRANSACTION
control field 20140412111311.0
008 - FIXED-LENGTH DATA ELEMENTS--GENERAL INFORMATION
fixed length control field 010206s19uu xx 00 eng d
020 ## - INTERNATIONAL STANDARD BOOK NUMBER
International Standard Book Number 0-673-19619-4
050 ## - LIBRARY OF CONGRESS CALL NUMBER
Classification number TR(GS 420.7
Item number P37 1996
100 ## - MAIN ENTRY--PERSONAL NAME
Personal name Banks, Caroline
245 ## - TITLE STATEMENT
Title Parade 6.
260 ## - PUBLICATION, DISTRIBUTION, ETC. (IMPRINT)
Place of publication, distribution, etc Glenview, Illinois :
Name of publisher, distributor, etc Scott Foresman,
Date of publication, distribution, etc 1996.
300 ## - PHYSICAL DESCRIPTION
Extent 91p. ; ill.
440 ## - SERIES STATEMENT/ADDED ENTRY--TITLE
Title Scott foresman Parade
650 ## - SUBJECT ADDED ENTRY--TOPICAL TERM
Topical term or geographic name as entry element Famous People
650 ## - SUBJECT ADDED ENTRY--TOPICAL TERM
Topical term or geographic name as entry element Planets
Holdings
Withdrawn status Lost status Damaged status Home library Current library Shelving location Date acquired Source of acquisition Cost, normal purchase price Total Checkouts Full call number Barcode Date last seen Price effective from Koha item type
      Elizalde Library Elizalde Library Teachers Reference Section 02/06/2001   198.00   TR(GS 420.7 P37 1996 E6245 04/12/2014 04/12/2014 Books

Parade 6.

APA

Banks C., . (1996). Parade 6. Glenview, Illinois: Scott Foresman.

Chicago

Banks Caroline, . 1996. Parade 6. Glenview, Illinois: Scott Foresman.

Harvard

Banks C., . (1996). Parade 6. Glenview, Illinois: Scott Foresman.

MLA

Banks Caroline, . Parade 6. Glenview, Illinois: Scott Foresman. 1996.

  • Place hold
  • Print
  • Cite
  • Add to your cart (remove)
  • Save record
    BIBTEX Dublin Core MARCXML MARC (non-Unicode/MARC-8) MARC (Unicode/UTF-8) MARC (Unicode/UTF-8, Standard) MODS (XML) RIS
  • More searches
    Search for this title in:
    Other Libraries (WorldCat) Other Databases (Google Scholar) Online Stores (Bookfinder.com) Open Library (openlibrary.org)

Exporting to Dublin Core...

SOUTHVILLE LIBRARY

Southville International School and Colleges Library

1281 Tropical Ave. Cor. Luxembourg St., BF Homes International, Las Pinas City

Tel. No. 8256374 / 252358 Loc. 117/146

Powered by Koha